Skispringen Olympiasieger 2026 - Statistiken

Allgemein
  • Dieses Quiz wurde 41 mal gespielt
  • Das Durchschnittsergebnis liegt bei 5 aus 6
Antwortstatistiken
Disziplin Männer Frauen % Korrekt
Großschanze Domen Prevc
97%
Normalschanze Philipp Raimund .
97%
Mixed-Team Slowenien
85%
Super-Team Österreich
82%
Normalschanze Anna Odine Stroem
70%
Anna Odine Stroem
64%
Keine übereinstimmenden Quizze gefunden
Verteilung der Resultate
Anzahl Personen mit jedem Resultat
Perzentil nach korrekt beantworteten Fragen
Ihre Resultats-Entwicklung
Sie haben dieses Quiz noch nicht gespielt